ACCA Paper F3(INT/UK) and FIA diploma in Accounting and Business ,Financial Accounting(FA/FFA). (Record no. 34475)
[ view plain ]
| 000 -LEADER | |
|---|---|
| fixed length control field | 00445nam a2200145Ia 4500 |
| 008 - FIXED-LENGTH DATA ELEMENTS--GENERAL INFORMATION | |
| fixed length control field | 231019s9999 xx 000 0 und d |
| 020 ## - INTERNATIONAL STANDARD BOOK NUMBER | |
| ISBN | 978-0-85732-676-8 |
| 082 ## - DEWEY DECIMAL CLASSIFICATION NUMBER | |
| Classification number | 657 |
| Item number | YAS-A |
| 100 ## - MAIN ENTRY--AUTHOR | |
| Author Name | Mr.M. Yasir Gondal |
| 245 #0 - TITLE STATEMENT | |
| Title | ACCA Paper F3(INT/UK) and FIA diploma in Accounting and Business ,Financial Accounting(FA/FFA). |
| 260 ## - PUBLICATION, DISTRIBUTION, ETC. | |
| Place of Publication | Lahore, Pakistan |
| Name of publisher, distributor, etc. | Systematics Educations |
| Date of publication, distribution, etc. | 2013 |
| 300 ## - PHYSICAL DESCRIPTION | |
| Pages | 194 |
| 650 ## - SUBJECT ADDED ENTRY--TOPICAL TERM | |
| Subject / Department | Accounting |
| 952 ## - LOCATION AND ITEM INFORMATION (KOHA) | |
| -- | 0 |
| -- | 0 |
| Lost status | Damaged status | Permanent Location | Current Location | Date acquired | Full Call Number | Accession No./Barcode | Date last seen | item type |
|---|---|---|---|---|---|---|---|---|
| Superior Information Resource Center (SIRC) Superior University - City Campus | Superior Information Resource Center (SIRC) Superior University - City Campus | 10/19/2023 | 657 YAS-A | 28024 | 10/19/2023 | BOOK |
